Signo del reino de Dios : año 17, número 48, 1er. trimestre 1980 : la cuestión fundamental de la Pastoral Latinoamericana /

Guardado en:
Detalles Bibliográficos
Otros autores: Ramos, Luis G. (dirección) (dirección)
Formato: Libro
Idioma:Español
Publicado: México : Conferencia de Institutos Religiosos de México, 1980
Etiquetas: Agrega una etiqueta
Sin etiquetas, Sé el primero en etiquetar este registro!

MARC

LEADER 00000nam^a2200000^a^4500
001 000575013
005 20250521000000.0
009 20260310132359.607
037 |a Acervo Xavier Clavigero 
041 |a ESP 
091 |a FPA. 05026 
245 0 0 |a Signo del reino de Dios :  |b año 17, número 48, 1er. trimestre 1980 : la cuestión fundamental de la Pastoral Latinoamericana / 
264 1 |a México :  |b Conferencia de Institutos Religiosos de México,  |c 1980 
300 |a 20 p. 
336 |a texto  |b txt  |2 rdacontenido 
337 |a sin mediación  |b n  |2 rdamedio 
338 |a volumen  |b nc  |2 rdasoporte 
649 |a XX 
700 |a Ramos, Luis G.  |e (dirección) 
910 |a Fondo José Ignacio Palencia Gómez S.J. 
920 |a Impresos - Libros 
930 |a Fondos Especiales 
905 |a 137 
901 |a 0500358539  |b IT2  |c ESL  |i D  |u 20250521 
902 |a https://opac.biblio.iteso.mx/vufind/Record/000575013